000 01318nam a2200241 a 4500
008 220113s2016 ||||||||||||||||| || u
020 _a9780128005408
050 _aQH 518.5 Iva
100 _aVlaski-Lafarge, Marija
245 1 0 _aAnaerobiosis and stemness: an evolutionary paradigm
_cBy Zoran Ivanovic; Marija Vlaski-Lafarge
260 _aLondon
_bAcademic Press is an imprint of Elsevier
_c2016
300 _aviii, 312 pages
650 _aANAEROBIOSIS
650 _aBIOLOGICAL EVOLUTION
650 _aCELL HYPOXIA
650 _aSTEM CELLS
650 _aCELL LINEAGE
700 _aIvanovic, Zoran
995 _aMEDICAL LIBRARY OPEN ACCESS
_e905237
_FCBU-SCHOOL OF MEDICINE LIBRARY (Ndola)
_jQH 518.5 Iva
_UAVAILABLE
_WJan 18, 2022
_y905237
_ZMedical Library Open Access Collection
995 _aMEDICAL LIBRARY OPEN ACCESS
_e905238
_FCBU-SCHOOL OF MEDICINE LIBRARY (Ndola)
_jQH 518.5 Iva
_UAVAILABLE
_WJan 18, 2022
_y905238
_ZMedical Library Open Access Collection
995 _aMEDICAL LIBRARY OPEN ACCESS
_e905240
_FCBU-SCHOOL OF MEDICINE LIBRARY (Ndola)
_jQH 518.5 Iva
_UAVAILABLE
_WJan 18, 2022
_y905240
_ZMedical Library Open Access Collection
995 _aMEDICAL LIBRARY OPEN ACCESS
_e905239
_FCBU-SCHOOL OF MEDICINE LIBRARY (Ndola)
_jQH 518.5 Iva
_UAVAILABLE
_WJan 18, 2022
_y905239
_ZMedical Library Open Access Collection
999 _c63666
_d63666